Online Catalogue and eLibrary

Nuthana katholika sabawa (Record no. 836)

MARC details
000 -LEADER
fixed length control field 00370nam a2200145Ia 4500
005 - DATE AND TIME OF LATEST TRANSACTION
control field 20250516020804.0
008 - FIXED-LENGTH DATA ELEMENTS--GENERAL INFORMATION
fixed length control field 240331s9999 xx 000 0 und d
082 ## - DDC Classification
Class No. 282
Item Number - Author Mark FER
100 ## - MAIN ENTRY--PERSONAL NAME
Personal name Frenando, J.A
245 #0 - TITLE STATEMENT
Title Nuthana katholika sabawa
260 ## - PUBLICATION, DISTRIBUTION, ETC.
Place of publication, distribution, etc. Nugegoda
Name of publisher, distributor, etc. M.D.Gunasena Books
Date of publication, distribution, etc. 1970
300 ## - PHYSICAL DESCRIPTION
Extent (e.g. Volumes, Pages etc.) 303 p .,
500 ## - GENERAL NOTE
General note Book regarding Catholic Church
942 ## - Koha item type (Biblio)
Koha item type Books in Stacks (Lending)
Holdings
Lost status Damaged status Collection code Home library Current library Shelving location Date acquired Full call number Accession Number Item type
    Lending WERC Library WERC Library Social Science Cupboard 03/31/2024 282 FER 3479 Books in Stacks (Lending)

© WERC Library